=LDR 00000nam 2200000 4500 =001 INLIS000000000034990 =005 20130612140859 =008 ***********************************Ind** =035 ##$$0010-061300000034990 =041 ##$$a Ind =082 ##$$a 813 =090 ##$$a 813, Zif m =100 ##$$a Zifana,Mahardika =245 ##$$a Misteri Puncak Ararat, Mahardika Zifani =260 ##$$a 2009 $b Bandung =300 ##$$a 308 hlm., ils.6c21 cm =850 ##$$a NBPNMAT